MotoGP, Moto 2 and Moto 3 All Riders 2024 - Statistics

General Stats
  • This quiz has been taken 223 times
    210 since last reset
  • The average score is 54 of 89
Answer Stats
Team Nationality Answer % Correct
Prima Pramac Racing Spain Jorge Martin
98%
Gresini Racing MotoGP Spain Alex Marquez
97%
Gresini Racing MotoGP Spain Marc Marquez
97%
Ducati Lenovo Team Italy Francesco Bagnaia
96%
Monster Energy Yamaha MotoGP France Fabio Quartararo
95%
Aprilia Racing Spain Aleix Espargaro
94%
Red Bull KTM Factory Racing South Africa Brad Binder
94%
Ducati Lenovo Team Italy Enea Bastianini
94%
Prima Pramac Racing Italy Franco Morbidelli
94%
Repsol Honda Team Spain Joan Mir
94%
LCR Honda France Johann Zarco
94%
Red Bull GasGas Tech3 Spain Pedro Acosta
94%
Red Bull KTM Factory Racing Spain Pol Espargaro
94%
Liqui Moly Husqvarna Intact GP South Africa Darryn Binder
93%
Red Bull KTM Factory Racing Australia Jack Miller
93%
Repsol Honda Team Italy Luca Marini
93%
Pertamina Enduro VR46 Racing Team Italy Marco Bezzecchi
93%
Monster Energy Yamaha MotoGP Spain Alex Rins
92%
Aprilia Racing Spain Maverick Viñales
92%
Trackhouse Racing Portugal Miguel Oliveira
91%
Red Bull GasGas Tech3 Spain Augusto Fernandez
90%
Pertamina Enduro VR46 Racing Team Italy Fabio di Giannantonio
90%
Trackhouse Racing Spain Raul Fernandez
90%
Leopard Racing Spain Adrian Fernandez
89%
LCR Honda Japan Takaaki Nakagami
89%
Red Bull KTM Factory Racing Spain Dani Pedrosa
87%
MT Helmets - MSI Japan Ai Ogura
80%
SpeedUp Racing Spain Fermin Aldeguer
80%
HRC Test Team Germany Stefan Bradl
80%
CFMoto Aspar Team Colombia David Alonso
75%
ELF Marc VDS Racing Team Italy Tony Arbolino
75%
Fantic Racing Spain Aron Canet
73%
Idemitsu Honda Team Asia Thailand Somkiat Chantra
73%
Aprilia Racing Italy Lorenzo Savadori
71%
CFMoto Aspar Team UK Jake Dixon
69%
OnlyFans American Racing Team USA Joe Roberts
69%
Red Bull KTM Ajo Italy Celestino Vietti
68%
Red Bull KTM Ajo Turkey Deniz Öncü
66%
ELF Marc VDS Racing Team Czechia Filip Salac
65%
MT Helmets - MSI Spain Sergio Garcia
64%
SpeedUp Racing Spain Alonso Lopez
63%
Italtrans Racing Team Brazil Diogo Moreira
63%
RW Racing GP Belgium Barry Baltus
58%
CIP Green Power Italy Riccardo Rossi
58%
Liqui Moly Husqvarna Intact GP Netherlands Collin Veijer
57%
Red Bull GasGas Tech3 Spain Daniel Holgado
56%
Italtrans Racing Team Italy Dennis Foggia
56%
CFMoto Aspar Team Spain Izan Guevara
56%
Liqui Moly Husqvarna Intact GP Japan Tatsuki Suzuki
54%
Pertamina Mandalika Gas UP Team Spain Jaume Masia
53%
Yamaha VR46 Master Camp Team Japan Ayumu Sasaki
52%
QJMotor Gresini Moto2 Spain Albert Arenas
51%
QJMotor Gresini Moto2 Spain Manuel Gonzalez
51%
OnlyFans American Racing Team Spain Marcos Ramirez
49%
SIC58 Squadra Corse Italy Luca Lunetta
48%
BOE Motorsports Australia Joel Kelso
47%
Pertamina Mandalika Gas UP Team Spain Daniel Muñoz
46%
BOE Motorsports Spain David Muñoz
46%
Red Bull KTM Ajo Spain Jose Antonio Rueda
46%
MT Helmets - MSI Spain Ivan Ortola
45%
Leopard Racing Spain Angel Piqueras
44%
Idemitsu Honda Team Asia Indonesia Mario Suryo Aji
41%
Liqui Moly Husqvarna Intact GP Australia Senna Agius
41%
MT Helmets - MSI Japan Ryusei Yamanaka
40%
MLav Racing UK Scott Ogden
39%
Honda Team Asia Japan Taiyo Furusato
39%
MTA Team Italy Stefano Nepa
38%
Pertamina Mandalika Gas UP Team Netherlands Bo Bendsneyder
37%
Red Bull GasGas Tech3 Australia Jacob Roulstone
37%
Kopron Rivacold Snipers Team Italy Matteo Bertelle
37%
Team Ciatti Boscoscuro Italy Mattia Pasini
37%
RW Racing GP Netherlands Zonta van den Goorbergh
37%
SIC58 Squadra Corse Italy Filippo Farioli
36%
Klint Forward Factory Team Spain Alex Escrig
35%
CFMoto Aspar Team Spain Joel Esteban
34%
Klint Forward Factory Team Spain Jorge Navarro
34%
Yamaha VR46 Master Camp Team Spain Jeremy Alcoba
33%
Fantic Racing Andorra Xavi Cardelus
32%
Kopron Rivacold Snipers Team Spain David Almansa
30%
CIP Green Power Switzerland Noah Dettwiler
30%
Klint Forward Factory Team Spain Xavier Artigas
30%
MTA Team Italy Nicola Carraro
27%
Honda Team Asia Thailand Tatchakorn Buasri
27%
MLav Racing UK Joshua Whatley
25%
Red Bull KTM Ajo Spain Xabi Zurutuza
25%
Red Bull KTM Ajo Spain Vicente Perez
24%
QJMotor Gresini Moto2 Italy Matteo Ferrari
14%
Honda Team Asia Indonesia Arbi Aditama
8%
Kopron Rivacold Snipers Team Qatar Hamad al-Sahouti
6%
No matching quizzes found
Score Distribution
Percent of People with Each Score
Percentile by Number Answered
Your Score History
You have not taken this quiz since the last reset